Statistics for NBA Players By Letter - J

Click here to take the quiz!

General Stats

  • This quiz has been taken 430 times
  • The average score is 19 of 23

Answer Stats

First NameSurnameTeam% Correct
LeBronJamesCleveland Cavaliers
100%
DeAndreJordanLos Angeles Clippers
95%
JoeJohnsonUtah Jazz
94%
WesleyJohnsonLos Angeles Clippers
94%
AmirJohnsonBoston Celtics
94%
BriceJohnsonLos Angeles Clippers
94%
JamesJohnsonMiami Heat
94%
StanleyJohnsonDetroit Pistons
94%
TylerJohnsonMiami Heat
94%
TyusJonesMinnesota Timberwolves
93%
TerrenceJonesNew Orleans Pelicans
93%
JR., DerrickJonesPhoenix Suns
93%
JamesJonesCleveland Cavaliers
93%
DamianJonesGolden State Warriors
93%
DemetriusJacksonBoston Celtics
91%
ReggieJacksonDetroit Pistons
91%
NikolaJokicDenver Nuggets
91%
RichardJeffersonCleveland Cavaliers
85%
AlJeffersonIndiana Pacers
85%
CoryJosephToronto Raptors
59%
BrandonJenningsNew York Knicks
53%
JonasJerebkoBoston Celtics
36%
JohnJenkinsPhoenix Suns
18%

Score Distribution

Percentile by Number Answered

Percent of People with Each Score

Your Score History

You have not taken this quiz